01375nam a2200337 a 450000500170000000800410001702000080005804100080006609200210007410000320009524500710012725000110019826000640020930000110027350001500028465300200043465300210045465300510047565300350052665300420056165300410060365300390064465300310068365300350071465300360074965300190078570000250080494200120082999900150084195201810085620240325113819.0100325t1996||||ag f |||| 001 0 spa d aS/N aspa c616.132l75sROM1 aRomero Villanueva, Horacio. aHipertensión arterial en el anciano /cHoracio Romero Villanueva a1a ed. aBuenos Aires: bEdiciones Médicas Internacionales;c1996. a184 p. aRomero Villanueva, H. y Farah, R. A. (1996). Hipertensión arterial en el anciano. (1a ed.). Buenos Aires : Ediciones Médicas Internacionales. aEpidemiología aFisiopatología aEstudio de la tensión arterial en el anciano aHipertensión de origen renal aHipertensión de origen renovascular aHipertensión de origen suprarrenal aHipertensión arterial y diabetes aAutorregulación cerebral aTratamiento no farmacológico aRehabilitación cardiovascular aFarmacología1 aFarah, Rubén Angel 2ddccBK c2233d2233 00102ddc4070aBFMbBFMcCRd2015-10-29eDonacion Dr. H. Buzeki, octubre 2015l0o616.132 75 ROMp3620r2015-10-29tEj.1w2015-10-29yBKzDonacion Dr. H. Buzeki, octubre 2015